header

Banking and monetary policy in Eastern Europe (Record no. 165885)

MARC details
000 -LEADER
fixed length control field 01493nam a2200337Ia 4500
082 04 - DEWEY DECIMAL CLASSIFICATION NUMBER
Classification number 332.1/0947
245 00 - TITLE STATEMENT
Title Banking and monetary policy in Eastern Europe
260 ## - PUBLICATION, DISTRIBUTION, ETC. (IMPRINT)
Place of publication Houndmills ;
-- New York :
Name of publisher Palgrave,
Year of publication c2002.
300 ## - PHYSICAL DESCRIPTION
Number of Pages xiv, 225 p.
490 1# - SERIES STATEMENT
Series statement Studies in economic transition
500 ## - GENERAL NOTE
General note This book is based on papers submitted and discussions held at a conference which took place at Wasserschloss Klaffenbach near Chemnitz, Germany in February 2000.
650 #0 - SUBJECT ADDED ENTRY--TOPICAL TERM
Topical Term Banks and banking
Topical Term Monetary policy
700 1# - ADDED ENTRY--PERSONAL NAME
Personal name Winkler, Adalbert,
856 40 - ELECTRONIC LOCATION AND ACCESS
Uniform Resource Identifier http://site.ebrary.com/lib/rucke/Doc?id=10039000

No items available.

© 2026 Rongo University
Contact us: librarian | system librarian | Rongo university